| 000 | 00821nam a22001577a 4500 | ||
|---|---|---|---|
| 003 | OSt | ||
| 005 | 20151008113434.0 | ||
| 008 | 151008b xxu||||| |||| 00| 0 eng d | ||
| 040 | _cRUA | ||
| 082 | _aAVM MOB 2007 B079 Or.1 | ||
| 100 |
_92355 _aMOB, SEREY. |
||
| 245 | _astudy on growth rate of japanese quail by using soy bean by-product in concentrate at the research station of royal university of agriculture (ការសិក្សាលើការលូតលាស់របស់ក្រួចសាច់ពូជ japanese ដោយប្រើប្រាាស់កាកសណ្តែកសៀងជាចំណីផ្សំនៅសាកលវិទ្យាល័យភូមិន្ទកសិកម្ម) | ||
| 260 |
_aPhnom Penh _bRUA _c2007 |
||
| 300 |
_ax, 42p. _bill. _c29cm. |
||
| 942 |
_2ddc _cAVM |
||
| 999 |
_c2217 _d2217 |
||